| 000 | 00841 a2200205 4500 | ||
|---|---|---|---|
| 001 | 124332 | ||
| 020 | _a9788532279934 | ||
| 040 | _cEscola Canadense de Niteroi | ||
| 090 | _aSTR - N1 | ||
| 100 | _aStrausz, Rosa Amanda | ||
| 245 | 1 | 0 | _aUm nó na cabeça |
| 250 | _a1. ed. | ||
| 260 | _aSão Paulo | ||
| 300 |
_a48 p. _bil. _c7 x 22.35 x 1.02 cm (capa dura) |
||
| 362 | 0 | _a2011 | |
| 520 | _aO carneiro Tico tem um nó na cabeça que o faz ver as coisas de modo diferente dos outros. Ele não consegue seguir hábitos sem pensar. Seu ofício de pular cerca, para ajudar as pessoas a dormir, o leva até o menino Quim, que não consegue mais dormir, preocupado com as brigas de seus pais. No quarto de Quim, Tico descobre os lápis de cor e um novo talento! | ||
| 650 | 4 | _aLiteratura Infantil | |
| 650 | 4 | _aDescobertas | |
| 942 | _cBK | ||
| 999 |
_c124332 _d124332 |
||